Responses for Show #6108 - Wednesday, March 16, 2011

Tom Kunzen game 2.
Single-player Final Jeopardy!

Contestants

[<< previous game]

Peter Perigo, a photographic lighting technician originally from Tulsa, Oklahoma

Rebecca Rogers, an economic development attorney from Carrboro, North Carolina

Tom Kunzen, a geotechnical engineer from Orlando, Florida (whose 1-day cash winnings total $28,000)

[next game >>]

Jeopardy! Round responses

THE NAACP'S SPINGARN MEDAL WINNERS
HERE COMES THE JUDGE
THAT'S WHAT SHE SAID
LET'S KICK SOME NIXON AROUND
ACTING OUT
"MO"-POURRI
    $200 23
(George Washington) Carver

Tom
    $200 11
The Pelican Brief

Rebecca
    $200 6
(Florence) Nightingale

Tom
    $200 1
Nikita Khrushchev

Tom
    $200 21
the last laugh

Tom
    $200 16
Motown

Peter
    $400 24
Jesse Jackson

Tom
    $400 12
The People vs. Larry Flynt

Tom
    $400 7
Margaret Thatcher

Rebecca
    $400 2
1952

Tom
    $400 22
comparing apples to oranges

Peter
    $400 17
mole

Rebecca
    $600 25
(Alex: You got it. Minute to go.)

Duke Ellington

Peter
    $3,000 13
JFK

Tom
    $600 8
Harriet Tubman

Tom
    $600 3
Tricky Dick

Tom
    $600 30
"Twist And Shout"

Tom
    $600 18
Mo'Nique

Tom
    $800 26
Marian Anderson

Triple Stumper
    $800 14
(Rebecca: What is Nuremberg?)
(Alex: [*], yes.)
[A voice is heard saying "No".]
(Alex: No! Can't accept that, you didn't give us all of it, and I completed it for you. This is not "Complete the Phrase", Alex.)

Judgment at Nuremberg

Rebecca
Triple Stumper
    $800 9
Susan B. Anthony

Tom
    $800 4
(Peter: What is... senator?)

governor of California

TomPeter
    $800 29
make ends meet

Tom
    $800 19
Mozilla

Tom
    $1000 27
Paul Robeson

Peter
    $1000 15
(Rebecca: What is, um, the w--)
(Alex: Oh, darn. You were coming up with only part of it--you were about to say the Wind, and the film is [*]. You have to give us the whole title.)

Inherit the Wind

Rebecca
Triple Stumper
    $1000 10
(Peter: Who was Sarah Bernhardt?)

Dorothy Parker

Peter
Triple Stumper
    $1000 5
Pearl Harbor

Tom
    $1000 28
(Peter: What is sowing his royal oats?)
(Tom: What is sifting his oats?)

feeling his oats

TomPeter
Triple Stumper
    $1000 20
Morpheus

Tom

Scores at the first commercial break (after clue 13):

Tom Rebecca Peter
$8,000 $600 -$1,800

Scores at the end of the Jeopardy! Round:

Tom Rebecca Peter
$11,600 -$800 -$600

Double Jeopardy! Round responses

PO BOYS
CELEBRITY MARRIAGES
THE BRITISH POET LAUREATE WRITES
THE AGE OF AQUARIUMS
C3
P.O.
    $400 2
(Rebecca: Who's Gianni Versace?)
(Peter: Who is Gucci?)

Giorgio Armani

RebeccaPeter
Triple Stumper
    $400 1
Ellen DeGeneres

Tom
    $400 20
"God Save The Queen"

Tom
    $400 18
goldfish

Peter
    $400 12
cappuccino

Rebecca
    $400 16
a branch

Tom
    $800 3
Silvio Berlusconi

Tom
    $800 9
(Peter: Who is Tobey Maguire?)

Ryan Reynolds

RebeccaPeter
    $800 21
tea

Tom
    $800 19
flakes

Tom
    $800 14
a chocoholic

Peter
    $800 17
(Peter: What is change of address?)

a return receipt

Peter
Triple Stumper
    $1200 4
Fabio

Peter
    $1200 10
Claire Danes

Tom
    $1200 22
an ode

Tom
    $1200 8
the tetra

Triple Stumper
    $1200 6
(Tom: What's the radius?)

the circumference

TomPeter
    $2,000 23
philately

Tom
    $1600 5
Michelangelo Antonioni

Triple Stumper
    $1600 13
Megan Fox

Tom
    $2,000 24
(Alex: And you're doing what you did yesterday, hitting two Daily Doubles in a row, and we have less than a minute to go.)

Achilles

Tom
    $1600 27
[The end-of-round signal sounds.]

a pufferfish (or blowfish)

Tom
    $1600 7
crackerjack

Peter
    $1600 25
(Rebecca: What is parcel post?)

media mail

TomRebecca
    $2000 11
(Peter: Who is Garibaldi?)
(Rebecca: Who is Napoleon?)

Victor Emmanuel

TomRebeccaPeter
    $2000 15
the coccyx

Tom
    $2000 26
(Peter: What is a tank?)

a snorkel box

Peter
Triple Stumper

Scores at the end of the Double Jeopardy! Round:

Tom Rebecca Peter
$29,200 -$3,600 -$1,400
(lock game)

[wagering suggestions for these scores]

Final Jeopardy! Round responses

VOCABULARY
TomWhat is invalid?
$1,200
invalid

Final scores:

Tom Rebecca Peter
$30,400 -$3,600 -$1,400
2-day champion: $58,400 3rd place: $1,000 2nd place: $2,000

Game dynamics:

Coryat scores:

Tom Rebecca Peter
$25,600 -$3,600 -$1,400
33 R
(including 3 DDs),
2 W
5 R,
5 W
9 R,
8 W

Combined Coryat: $20,600

[game clues] [game scores] [suggest correction]

Game tape date: 2010-11-10
The J! Archive is created by fans, for fans. Scraping, republication, monetization, and malicious use prohibited; this site may use cookies and collect identifying information. See terms. The Jeopardy! game show and all elements thereof, including but not limited to copyright and trademark thereto, are the property of Jeopardy Productions, Inc. and are protected under law. This website is not affiliated with, sponsored by, or operated by Jeopardy Productions, Inc. Join the discussion at JBoard.tv.